000 00320nam a2200121Ia 4500
008 240731s9999 xx 000 0 und d
022 _a2377-4673
245 0 _aPoem : International English Language Quarterly
260 _bRoutledge
856 _uhttps://www.tandfonline.com/loi/rpom20
942 _2ddc
942 _cTFEJ
999 _c78966
_d78966
945 _a1
_bMadushi Gamage
_c1
_dMadushi Gamage